ど忘れうまい話し方事典.

Sparad:
Bibliografiska uppgifter
Materialtyp: Bok
Publicerad: 全教図 1993
Taggar: Lägg till en tagg
Inga taggar, Lägg till första taggen!
Thư viện lưu trữ: Mạng thư viện Đại học Đà Nẵng
LEADER 00494nam a2200217 a 4500
001 000028980
003 14629
005 20171030145630.0
008 171030s1993
040 |a LTT 
082 0 |a 302.2  |b Do-W 
245 0 0 |a ど忘れうまい話し方事典. 
260 |b 全教図  |c 1993 
500 |a SAIKA 
OWN |a LTT 
999 |a From the UDN01 
TYP |a Monograph 
TYP |a Printed language 
980 |a Mạng thư viện Đại học Đà Nẵng